000 01122cam a2200301 a 4500
999 _c23712
_d23712
001 3926330
005 20170127091849.0
008 920612s1993 txua 001 0 eng
010 _a 92072260
020 _a003055487X
050 0 0 _aNC730 .M396 1993
100 1 _aMendelowitz, Daniel Marcus.
245 1 2 _aA guide to drawing /
_cDaniel M. Mendelowitz, Duane A. Wakeham.
250 _a5th ed.
260 _aFort Worth :
_bHarcourt Brace Jovanovich College Publishers,
_cc1993.
300 _axvi, 335 p. :
_bill. (some col.) ;
_c26 cm.
500 _aIncludes index.
650 0 _aDrawing
_xTechnique.
700 1 _aWakeham, Duane A.,
_d1931-
856 4 2 _3Publisher description
_uhttp://www.loc.gov/catdir/enhancements/fy1514/92072260-d.html
942 _2lcc
_cBOOKS